[Event "Olympiad Women-44"]
[Site "Chennai"]
[Date "2022.08.08"]
[Round "10.2"]
[White "Jonet, Davena"]
[Black "Bwalya Mulwale, Lubuuto"]
[Result "0-1"]
[WhiteElo "1458"]
[BlackElo "1751"]
[PlyCount "110"]
[EventDate "2022.07.29"]
[EventType "team-swiss"]
[EventRounds "11"]
[EventCountry "IND"]
[SourceTitle "CBM 210"]
[Source "ChessBase"]
[SourceDate "2022.10.31"]
[SourceVersion "1"]
[SourceVersionDate "2022.10.31"]
[SourceQuality "1"]
[WhiteTeam "Haiti (W)"]
[BlackTeam "Zambia (W)"]
[WhiteTeamCountry "HAI"]
[BlackTeamCountry "ZAM"]

1. e4 c6 2. d4 d5 3. exd5 cxd5 4. Bd3 Nc6 5. c3 Nf6 6. h3 e6 7. Nf3 Bd6 8. 0-0 0-0 9. Re1 Ne7 10. Bg5 Ng6 11. Qd2 Qc7 12. Bxf6 gxf6 13. Qh6 Rd8 14. Nh4 Bf4 15. Qh5 Bg5 16. Nf3 Bf4 17. Na3 a6 18. Nc2 b5 19. Nh4 Kg7 20. Nxg6 hxg6 21. Qf3 e5 22. dxe5 fxe5 23. Qd1 Rh8 24. Bf1 Bb7 25. Nb4 Rad8 26. Nd3 e4 27. Nxf4 Qxf4 28. Qd4+ f6 29. Rad1 Qc7 30. b3 g5 31. Qb4 g4 32. Re3 f5 33. Rg3 Bc8 34. hxg4 fxg4 35. Be2 Rh4 36. Qd4+ Kg6 37. c4 Rdh8 38. Qxh8 Rxh8 39. Bxg4 Bxg4 40. Rxg4+ Kf5 41. Rg3 dxc4 42. bxc4 Qxc4 43. Ra3 b4 44. Ra5+ Ke6 45. Rg5 Qxa2 46. Rg6+ Kf7 47. Rgd6 Re8 48. Rd7+ Re7 49. R7d2 Qa3 50. g3 e3 51. fxe3 Qxe3+ 52. Kh2 b3 53. Rd3 Qe2+ 54. Kh3 b2 55. R3d2 Qxd2 0-1

[Event "Olympiad Women-44"]
[Site "Chennai"]
[Date "2022.08.07"]
[Round "9.2"]
[White "Elshalom, Essayas Berhane"]
[Black "Jonet, Davena"]
[Result "0-1"]
[WhiteElo "1481"]
[BlackElo "1458"]
[PlyCount "88"]
[EventDate "2022.07.29"]
[EventType "team-swiss"]
[EventRounds "11"]
[EventCountry "IND"]
[SourceTitle "CBM 210"]
[Source "ChessBase"]
[SourceDate "2022.10.31"]
[SourceVersion "1"]
[SourceVersionDate "2022.10.31"]
[SourceQuality "1"]
[WhiteTeam "Eritrea (W)"]
[BlackTeam "Haiti (W)"]
[WhiteTeamCountry "ERI"]
[BlackTeamCountry "HAI"]

1. d4 d5 2. Nf3 Nf6 3. Bf4 Bf5 4. e3 e6 5. a3 Bd6 6. Bg3 a6 7. c4 Bxg3 8. hxg3 c6 9. Nc3 Qc7 10. Rc1 Nbd7 11. c5 e5 12. Be2 h6 13. b4 e4 14. Nd2 Be6 15. g4 g5 16. Nf1 Ng8 17. f3 f5 18. gxf5 Bxf5 19. g4 exf3 20. Bxf3 Bg6 21. e4 dxe4 22. Bxe4 Ne7 23. Qe2 0-0-0 24. Bxg6 Nxg6 25. Ne4 Qf4 26. Nd6+ Kb8 27. Rd1 Nf6 28. Ne3 Ne4 29. Rh3 Nc3 30. Qg2 Nxd1 31. Kxd1 Qxd4+ 32. Kc2 Ka7 33. Qf3 Rdf8 34. Nef5 Qe5 35. Qd3 Nf4 36. Re3 Nxd3 37. Rxe5 Nxe5 38. Kb3 Nxg4 39. Ka4 h5 40. Ka5 h4 41. a4 Ne5 42. b5 axb5 43. axb5 Nc4+ 44. Nxc4 Rxf5 0-1

[Event "Online Olym Div4 D"]
[Site "Chess.com INT"]
[Date "2020.08.01"]
[Round "5.1"]
[White "Jonet, Davena"]
[Black "Morales Santos, Natasha"]
[Result "0-1"]
[WhiteElo "1458"]
[BlackElo "1949"]
[PlyCount "92"]
[EventDate "2020.07.31"]
[EventType "team-tourn (rapid)"]
[EventRounds "9"]
[EventCountry "USA"]
[SourceTitle "CBM 198"]
[Source "ChessBase"]
[SourceDate "2020.10.31"]
[SourceVersion "1"]
[SourceVersionDate "2020.10.31"]
[SourceQuality "1"]
[WhiteTeam "Haiti"]
[BlackTeam "Puerto Rico"]
[WhiteTeamCountry "HAI"]
[BlackTeamCountry "PUR"]

1. e4 e6 2. Nf3 d5 3. exd5 exd5 4. h3 Bd6 5. a3 Ne7 6. d4 Bf5 7. Nc3 Nbc6 8. Bd3 Qd7 9. 0-0 f6 10. Be3 0-0-0 11. Re1 g5 12. g3 Bxd3 13. Qxd3 Qxh3 14. Qf1 Qf5 15. Qe2 h5 16. Nh2 g4 17. Kf1 Bxg3 18. Kg2 Bd6 19. Bd2 Nxd4 20. Qe3 Nec6 21. Nb5 Nxb5 22. Qe6+ Qxe6 23. Rxe6 Be5 24. c3 Kd7 25. Rxc6 bxc6 26. a4 Nd6 27. Nf1 Nc4 28. Bc1 Rb8 29. Ra2 h4 30. a5 h3+ 31. Kh1 a6 32. Ne3 Nxe3 33. Bxe3 Ke6 34. Bd2 Kf5 35. b4 Rhe8 36. Rc2 Bf4 37. Bxf4 Kxf4 38. Kh2 Kf3 39. c4 d4 40. b5 Re2 41. Rxe2 Kxe2 42. bxc6 Kxf2 43. c5 g3+ 44. Kxh3 Rg8 45. Kh4 g2 46. Kh5 g1Q 0-1